Missing Word: 'Mother' Movies Quiz Stats

 Plays Quiz Updated Nov 10, 2015

Challenge
Share
Tweet
Embed
Score 0/14 Timer 02:00
0 Plays Today
Movie Missing Word % Correct
Mamma ____!Mia
97.2%
Mommie ____Dearest
90.8%
My Stepmother Is an ____Alien
88.4%
Stop! Or My Mom Will ____Shoot
86.8%
Big Momma's ____House
86.8%
Throw Momma from the ____Train
86.6%
Black Mama, ____ MamaWhite
82.8%
Movie Missing Word % Correct
____ MamaBaby
72.2%
Mom and Dad Save the ____World
72%
____ MomMr.
56.5%
The ____ MotherGood
49.6%
Mother, Jugs & ____Speed
35.6%
I ____ MamaRemember
27.8%
Mother and ____Child
23.8%

Today's Daily Dose

You're not logged in!

Compare scores with friends on all Sporcle quizzes.
Join for Free
OR
Log In

You Might Also Like...

Show Comments

Extras

Top Quizzes Today


Score Distribution

Your Account Isn't Verified!

In order to create a playlist on Sporcle, you need to verify the email address you used during registration. Go to your Sporcle Settings to finish the process.

Report this User

Report this user for behavior that violates our Community Guidelines.

Details: